000 00609cam a2200181 i 4500
005 20251113122430.0
008 250721s2013 sy gr 000 0 ara d
020 _a9789773767568
082 1 4 _a190
_bك ا م
100 1 _aكامل، مجدي
_eمؤلف.
245 1 0 _aديكارت: حياته ، فلسفته ، أفكاره ومبادئه /
_cمجدي كامل.
250 _aالطبعة الأولى.
264 3 1 _aالقاهرة :
_bدار الكتاب العربي،
_c2013.
300 _a191 صفحة.
650 1 7 _aالفلسفة الحديثة.
942 _2ddc
_cBK
999 _c132506
_d132506